|
|
|
|
| LEADER |
00000nab a2200000 a 4500 |
| 001 |
vtls011623871 |
| 003 |
SK-MaSNL |
| 005 |
20260318114418.0 |
| 008 |
240430c2017 xo br p 000 c0ukr |
| 015 |
|
|
|a SNBRB2017/04
|
| 038 |
|
|
|a SVKPOCL
|
| 040 |
|
|
|a SVKPOCL
|b slo
|c SVKPOCL
|e AACR2
|
| 041 |
0 |
|
|a ukr
|
| 044 |
|
|
|a xo
|c SK
|
| 080 |
|
|
|a 82.09:821.161.2-3
|2 2011
|
| 080 |
|
|
|a 070.447:821.161.2-3
|2 2011
|
| 080 |
|
|
|a (477)
|2 2011
|
| 080 |
|
|
|a 82-95:821.161.2-3
|2 2011
|
| 080 |
|
|
|a 17.021.2-056:821.161.2(437.6)-3
|2 2011
|
| 080 |
|
|
|a 82.02/.09
|2 2011
|
| 080 |
|
|
|a 172.4:82
|2 2011
|
| 100 |
1 |
|
|a Veheš, Mykola Mykolajovyč,
|d 1962-
|4 aut
|9 1629855
|
| 245 |
1 |
0 |
|a Vid «A» do «JA» pobožna knyžka
|c Veheš Mykola
|
| 300 |
|
|
|b Fotogr.
|
| 500 |
|
|
|a V rubrike Recenziji
|
| 500 |
|
|
|a Veheš Mykola pozri Veheš, Mykola Mykolajovyč,
|
| 500 |
|
|
|a Doplňujúce údaje o autorovi sú prevzaté z Wikipediji
|
| 600 |
1 |
7 |
|a Skunc', Petro Mykolajovyč,
|d 1942-2007
|2 SNKMA
|9 158029
|
| 650 |
0 |
7 |
|a ukrajinská próza
|2 SNKPH
|9 82745
|
| 650 |
0 |
7 |
|a človek a spoločnosť
|2 SNKPH
|9 4102
|
| 650 |
0 |
7 |
|a ukrajinská literatúra
|2 SNKPH
|9 1218
|
| 650 |
0 |
7 |
|a literárnovedné rozbory
|2 SNKPH
|9 241582
|
| 650 |
0 |
7 |
|a morálno-duchovné hodnoty
|2 svkpocl
|9 1629856
|
| 650 |
0 |
7 |
|a výchovno-vzdelávacie princípy
|2 svkpocl
|9 1068294
|
| 650 |
0 |
7 |
|a viera a spoločnosť
|2 svkpocl
|9 1500827
|
| 650 |
0 |
7 |
|a pacifizmus
|2 SNKPH
|9 1718
|
| 650 |
0 |
7 |
|a Orden imeni preosvjaščennoho vladyky Andreja Bačyns'koho (ocenenie)
|2 svkpocl
|9 1629857
|
| 650 |
0 |
7 |
|a Orden prepodobnoho Nestora Litopyscja (ocenenie)
|2 svkpocl
|9 1629858
|
| 651 |
|
7 |
|a Ukrajina
|2 SNKPH
|9 168045
|
| 655 |
|
7 |
|a recenzie
|2 snkbucl
|9 21907
|
| 773 |
0 |
|
|t Duklja
|g Rik vydannja 65, No 1 (2017), s. 87-92
|x 0419-8131
|
| 787 |
0 |
8 |
|i Rec.:
|a Šyp, Jurij, 1947-
|t «Iz nebom na zemli»
|d Užhorod : TDV «Patent», 2017
|
| 852 |
|
|
|a SVKPO
|b KIS3GCP
|
| 856 |
4 |
2 |
|u https://uk.wikipedia.org/wiki/%D0%92%D0%B5%D0%B3%D0%B5%D1%88_%D0%9C%D0%B8%D0%BA%D0%BE%D0%BB%D0%B0_%D0%9C%D0%B8%D0%BA%D0%BE%D0%BB%D0%B0%D0%B9%D0%BE%D0%B2%D0%B8%D1%87
|
| 958 |
|
|
|a LX
|
| 958 |
|
|
|a UK
|
| 958 |
|
|
|a RC
|
| 958 |
|
|
|a SS
|
| 958 |
|
|
|a NT
|
| 999 |
|
|
|c 3363751
|d 3365681
|